000 00438nam a2200181Ia 4500
008 230711s9999||||xx |||||||||||||| ||und||
020 _a978-93-80349-27-5
041 _aENG
082 _a800
_bDA-O
100 _aDatta,Durjoy
245 0 _aOHH yes I am single
250 _a1st Ed.
260 _c2011
_aNew Delhi
_bSrishti Publishers & Distributors
300 _a227
650 _aLiterature
700 _aRustagi,Neeti
942 _cBK
999 _c5322
_d5322